Normal view
MARC view
- Irazabál, Víctor Hugo,
Entry Nombre Personal
001 - NUMERO DE CONTROL
- campo de control: 51507
003 - IDENTIFICADOR DE NUMERO DE CONTROL
- campo de control: UPN
005 - FECHA Y HORA DE LA ÜLTIMA TRANSACCIÓN
- campo de control: 20240411154758.0
008 - DATOS DE LONGITUD FIJA
- campo de control de longitud fija: 240411|| aca||aabn | aaa d
040 ## - FUENTE DE CATALOGACIÓN
- Agencia original de catalogación: MX-MxUPN
- Lenguaje de catalogación: spa
- Agencia de transcripción: MX-MxUPN
100 1# - ENCABEZAMIENTO - NOMBRE PERSONAL
- Nombre personal: Irazabál, Víctor Hugo,
- Fechas asociadas con el nombre: 1945-
374 ## - OCUPACIÓN
- Occupation: Ilustrador
670 ## - FUENTE EN LA QUE SE LOCALIZARON DATOS
- Cita de la fuente: LC, 11 abril 2024:
- Información localizada: (Irazábal, Víctor Hugo, 1945-)
- Uniform Resource Identifier: https://lccn.loc.gov/n97055024
902 ## - CATALOGADOR
- Catalogador: MaríaRobles/110424
